Vahlens Kompendium der Wirtschaftstheorie und Wirtschaftspolitik
Salvato in:
| Natura: | Libro |
|---|---|
| Lingua: | tedesco |
| Pubblicazione: |
München
Vahlen
1988
|
| Edizione: | 3. überarb. und erw. Aufl. |
| Soggetti: | |
| Tags: |
Nessun Tag, puoi essere il primo ad aggiungerne!!
|
MARC
| LEADER | 00000nam a2200000 4500 | ||
|---|---|---|---|
| 001 | c019113 | ||
| 005 | 20221206134624.0 | ||
| 020 | |a 3-8006-1304-2 | ||
| 041 | 0 | |a ger | |
| 044 | |a DE | ||
| 245 | 1 | 0 | |a Vahlens Kompendium der Wirtschaftstheorie und Wirtschaftspolitik |
| 250 | |a 3. überarb. und erw. Aufl. | ||
| 264 | 1 | |a München |b Vahlen |c 1988 | |
| 300 | |a 603 s. | ||
| 610 | 2 | 0 | |a príručky |
| 610 | 2 | 0 | |a veda ekonomická |
| 610 | 2 | 0 | |a ekonómia |
| 610 | 2 | 0 | |a systémy ekonomické |
| 610 | 2 | 0 | |a účtovníctvo národné |
| 610 | 2 | 0 | |a kolobeh hospodársky |
| 610 | 2 | 0 | |a príjmy |
| 610 | 2 | 0 | |a zamestnanosť |
| 610 | 2 | 0 | |a ceny |
| 610 | 2 | 0 | |a peniaze |
| 610 | 2 | 0 | |a úver |
| 610 | 2 | 0 | |a mena |
| 610 | 2 | 0 | |a inflácia |
| 610 | 2 | 0 | |a konjunktúra |
| 610 | 2 | 0 | |a rast hospodársky |
| 610 | 2 | 0 | |a obchod zahraničný |
| 610 | 2 | 0 | |a financie verejné |